Prime-secondary gap widens as market hints at recovery (Record no. 83146)

MARC details
000 -LEADER
fixed length control field 00994cab a22001935a 4500
001 - CONTROL NUMBER
control field L152958
008 - FIXED-LENGTH DATA ELEMENTS--GENERAL INFORMATION
fixed length control field 110518e20110513xxk 000 0 eng d
035 ## - SYSTEM CONTROL NUMBER
System control number (Sirsi) u152958
041 0# - LANGUAGE CODE
Language code of text/sound track or separate title eng
110 2# - MAIN ENTRY--CORPORATE NAME
Corporate name or jurisdiction name as entry element Property Week
9 (RLIN) 1549
245 00 - TITLE STATEMENT
Title Prime-secondary gap widens as market hints at recovery
260 ## - PUBLICATION, DISTRIBUTION, ETC.
Date of publication, distribution, etc. 2011
490 #0 - SERIES STATEMENT
Series statement Property Week
Volume/sequential designation 77(19) 13 May 2011, 36(1)
520 ## - SUMMARY, ETC.
Summary, etc. Cushman & Wakefield's latest UK property investment market monthly update shows the price gap between the best and second-best properties at its widest since the late 1980s. Prime property yields remained unchanged for the third month at 5.68%. But core prime property yields averaging 5.45% are 176 basis points lower than the second-tier prime yields which average 7.21%. Tables covers comparative yields across all sectors from 2007 to April 2011.
590 ## - LOCAL NOTE (RLIN)
Local note KA
651 #4 - SUBJECT ADDED ENTRY--GEOGRAPHIC NAME
Geographic name United Kingdom
Chronological subdivision
690 ## - LOCAL SUBJECT ADDED ENTRY--TOPICAL TERM (OCLC, RLIN)
Topical term or geographic name as entry element PROPERTY-COMMERCIAL PROPERTY-COMMERCIAL PROPERTY FINANCE AND INVESTMENT
942 ## - ADDED ENTRY ELEMENTS (KOHA)
Suppress in OPAC 0
Holdings
Withdrawn status Lost status Source of classification or shelving scheme Damaged status Not for loan Home library Current library Shelving location Date acquired Total Checkouts Full call number Barcode Date last seen Copy number Price effective from Koha item type
    Dewey Decimal Classification     London London Journal article 18/05/2011   L152958 152958-1001 06/08/2019 1 06/08/2019 Journal article